AH International Schools' Libraries

(KHMER) Discover our environment / (Record no. 49770)

MARC details
000 -LEADER
fixed length control field 00310nam a2200109 4500
020 ## - INTERNATIONAL STANDARD BOOK NUMBER
International Standard Book Number 9789995054724
100 ## - MAIN ENTRY--PERSONAL NAME
Personal name Huot, Sarith
9 (RLIN) 86892
245 ## - TITLE STATEMENT
Title (KHMER) Discover our environment /
Statement of responsibility, etc Sarith Huot & Anne- Laure Poree
260 ## - PUBLICATION, DISTRIBUTION, ETC. (IMPRINT)
Place of publication, distribution, etc Cambodia
Name of publisher, distributor, etc Sipar
Date of publication, distribution, etc 2024
300 ## - PHYSICAL DESCRIPTION
Extent 60 p.
Other physical details col. ill.
Dimensions 20 cm.
942 ## - ADDED ENTRY ELEMENTS (KOHA)
Source of classification or shelving scheme
Koha item type Book
Holdings
Withdrawn status Lost status Source of classification or shelving scheme Damaged status Not for loan Collection code Home library Current library Shelving location Date acquired Total Checkouts Full call number Barcode Date last seen Price effective from Koha item type
          Siem Riep Asian Hope Siem Reap Asian Hope Siem Reap SECONDARY 11/17/2025   KHMER 577.27 HUO 209442 11/17/2025 11/17/2025 Book

For any Logos Library related questions please contact Miss Art at swongnarasuk@asianhope.org.

For any Asian Hope Library related questions please contact Miss Raza at graza@asianhope.org.

Click here to explore our ebooks!

Powered by Koha